Word Ladder: Bergamot Beverages Quiz Stats

Quiz Updated Jun 8, 2015

Challenge
Share
Tweet
Embed
Score 0/19 Timer 02:00
1 Play Today
Hint 4-Letter Word % Correct
Toad relativeFROG
97.4%
Vocal or umbilical, e.g.CORD
97.2%
Jack of Clubs, e.g.CARD
96.4%
❋ Between white and black ❋☕️ GREY ☕️
96.1%
College house for dudesFRAT
95.9%
Guitar part, or to worryFRET
94.1%
Group of athletes playing on the same sideTEAM
93.6%
Sagan or Yastrzemski, e.g.CARL
93.3%
❋ TV show: My Name is ____☕️ EARL ☕️
92.3%
Kinnear or Louganis, e.g.GREG
91.2%
Hint 4-Letter Word % Correct
Like a dorm for both males and femalesCO-ED
91%
To kill or wound with a grenadeFRAG
90.3%
Waiter's disc-like drink platformTRAY
90.3%
Alcoholic drinkGROG
90.2%
U.K. equivalent of a streetcarTRAM
89.6%
Armisen or Savage, e.g.FRED
88.9%
South Park creator ParkerTREY
88.6%
Used after 'street' to mean urban respectCRED
87.1%
❋ Caffeinated drinks ❋☕️ TEAS ☕️
85.2%

Today's Daily Dose

Missing Word
NPR Programs

Quick Pick
1991 Events

On This Day
June 18th II

You're not logged in!

Compare scores with friends on all Sporcle quizzes.
Join for Free
OR
Log In

You Might Also Like...

Show Comments

Extras

Top Quizzes Today


Score Distribution

Your Account Isn't Verified!

In order to create a playlist on Sporcle, you need to verify the email address you used during registration. Go to your Sporcle Settings to finish the process.

Report this User

Report this user for behavior that violates our Community Guidelines.

Details: